| 000 | 00638nam a2200193 i 4500 | ||
|---|---|---|---|
| 001 | 189747 | ||
| 003 | ES-MaACL | ||
| 005 | 20250903011206.0 | ||
| 008 | 191009m19301932it |||| | ita d | ||
| 100 | 1 |
_aBerzolari, Luigi. _9168495 |
|
| 245 | 1 | 0 |
_aEnciclopedia delle Matematiche elementari. _nT. I, part. I y II / _ca cura di L. Berzolari, G. Vivanti e D. Gigli. |
| 260 |
_aMilano : _bUbrico Hoepli, _c1930-1932. |
||
| 300 |
_a2 v. ; _c24 cm. |
||
| 650 | 0 | 7 |
_aMatemáticas _2embne _914814 |
| 700 | 0 |
_aVivanti, Giulio. _9115549 |
|
| 700 | 1 |
_aGigli, Duilio. _9168496 |
|
| 852 |
_aES-MaACL _jC-8119-20 |
||
| 999 |
_c189747 _d189747 |
||